Citadela chaosu /

Hlavní autor: Jackson, Steve, 1951-
Další autoři: Pešek, Petr
Jazyk: Čeština
Vydáno: Ostrava : Mytago, 2022
Vydání: Vydání třetí, v nakladatelství Mytago druhé
Edice: Fighting fantasy (Mytago)
Témata:
Fyzický popis: 183 stran : ilustrace ; 17 cm
Knihy
Uloženo v:
LEADER 01891nam a2200541 i 4500
001 nkc20223457562
003 CZ PrNK
005 20240327081205.0
007 ta
008 230117s2022 xr a d 000 j cze
015 |a cnb003457562 
020 |a 978-80-87761-91-5  |q (vázáno) 
035 |a (OCoLC)1369540117 
040 |a ABA001  |b cze  |e rda 
041 1 |a cze  |h eng 
072 7 |a 821.111-3  |x Anglická próza, anglicky psaná  |2 Konspekt  |9 25 
072 7 |a 821-93  |x Literatura pro děti a mládež (beletrie)  |2 Konspekt  |9 26 
080 |a 821.111-32  |2 MRF 
080 |a 821-93  |2 MRF 
080 |a (0:82-322.9)  |2 MRF 
080 |a (0.05)793.7  |2 MRF 
100 1 |a Jackson, Steve,  |d 1951-  |7 jn20000810290  |4 aut 
240 1 0 |a Citadel of chaos.  |l Česky 
245 1 0 |a Citadela chaosu /  |c Steve Jackson ; překlad: Petr Pešek 
250 |a Vydání třetí, v nakladatelství Mytago druhé 
264 1 |a Ostrava :  |b Mytago,  |c 2022 
300 |a 183 stran :  |b ilustrace ;  |c 17 cm 
336 |a text  |b txt  |2 rdacontent 
337 |a bez média  |b n  |2 rdamedia 
338 |a svazek  |b nc  |2 rdacarrier 
490 1 |a Fighting fantasy ;  |v 2 
500 |a Přeloženo z angličtiny 
655 7 |a anglické příběhy  |7 fd131813  |2 czenas 
655 7 |a fantasy příběhy  |7 fd184198  |2 czenas 
655 7 |a čtenářské hry  |7 fd133978  |2 czenas 
655 7 |a publikace pro mládež  |7 fd133157  |2 czenas 
655 9 |a English stories  |2 eczenas 
655 9 |a fantasy stories  |2 eczenas 
655 9 |a literary recreations  |2 eczenas 
655 9 |a juvenile literature  |2 eczenas 
700 1 |a Pešek, Petr  |7 ola2006345490  |4 trl 
787 0 8 |i Z cyklu:  |t Fighting fantasy  |g 2 
830 0 |a Fighting fantasy (Mytago)  |0 s 
910 2 |a BOA001  |b 1-1502.171 
990 |a BK 
995 |a 01 
991 |b 202301  |c NOV 
996 6 |b 2610928032  |c 1-1502.171  |l MZK  |r Sklad / do 1 hodiny  |n 0  |p p.v.  |w 001911509  |u 000010  |a 1  |e BOA001  |j MZK50  |s P